Представление документа в формате RUSMARC

ПолеНазваниеЗначение
  Тип записи a
  Библиографический уровень m
001 Контрольный номер RU/SLIB/B/208708039
005 Дата корректировки 20230127162413.1
010 Индекс ISBN __
d Цена 51-21
101 Язык документа 0_
a Язык текста rus
c Язык оригинала rus
200 Заглавие и сведения об ответственности 0_
a Заглавие Энциклопедический юридический словарь
f Первые сведения об ответственности В. Н. Додонов [и др.]
b Общее обозначение материала Текст
205 Сведения об издании __
a Основные сведения об издании 2-е изд.
210 Выходные данные 1_
a Место издания М.
c Издательство ИНФРА-М
d Дата издания 1999
215 Физическое описание __
a Объем 368 с.
225 Серия 2_
a Серия Библиотека словарей "Инфра-М"
606 Тематические рубрики __
a Основная рубрика Право
606 Тематические рубрики __
a Основная рубрика Право. Юридические науки в целом
606 Тематические рубрики __
a Основная рубрика Конституционное (государственное) право в целом
606 Тематические рубрики __
a Основная рубрика Административное право в целом
606 Тематические рубрики __
a Основная рубрика Гражданское право в целом
606 Тематические рубрики __
a Основная рубрика Финансовое право
606 Тематические рубрики __
a Основная рубрика Отрасли права, смежные с гражданским правом
606 Тематические рубрики __
a Основная рубрика Право собственности и другие вещные права
606 Тематические рубрики __
a Основная рубрика Обязательственное право
606 Тематические рубрики __
a Основная рубрика Правовая охрана интеллектуальной собственности
606 Тематические рубрики __
a Основная рубрика Семейное право
606 Тематические рубрики __
a Основная рубрика Наследственное право
606 Тематические рубрики __
a Основная рубрика Трудовое право
606 Тематические рубрики __
a Основная рубрика Право социального обеспечения
606 Тематические рубрики __
a Основная рубрика Земельное право
606 Тематические рубрики __
a Основная рубрика Природоресурсное и природоохранительное (экологическое) право в целом
606 Тематические рубрики __
a Основная рубрика Уголовное право в целом
606 Тематические рубрики __
a Основная рубрика Уголовно-исполнительное право
606 Тематические рубрики __
a Основная рубрика Уголовное процессуальное право
606 Тематические рубрики __
a Основная рубрика Гражданское процессуальное право
606 Тематические рубрики __
a Основная рубрика Международное право в целом
606 Тематические рубрики __
a Основная рубрика Криминология
610 Ключевые слова 0_
a Ключевые слова юридическая терминология; термины; персоналии; правовая терминология; юридические понятия; правовые понятия
686 Индексы других классификаций __
2 Код системы rubbks
a Классификационный индекс 67я20
702 Вторичная интеллектуальная ответственность _1
a Фамилия Додонов
b Имя В. Н.
4 Код отношения Автор
4 Код отношения 070
702 Вторичная интеллектуальная ответственность _1
a Фамилия Пиголкин
b Имя А. С.
4 Код отношения Автор
4 Код отношения 070
702 Вторичная интеллектуальная ответственность _1
a Фамилия Панов
b Имя В. П.
4 Код отношения Автор
4 Код отношения 070
801 Источник записи _0
a Страна RU
b Организация Муниципальное бюджетное учреждение культуры "Централизованная библиотечная система" г. Сургут (Центральная городская библиотека им. А. С. Пушкина)
g Правила каталогизации ОБ/Смолякова
801 Источник записи _1
a Страна RU
b Организация Муниципальное бюджетное учреждение культуры "Централизованная библиотечная система" г. Сургут (Центральная городская библиотека им. А. С. Пушкина)
g Правила каталогизации ОБ/Смолякова
852 Данные о местонахождении __
j Шифр хранения 67я20
i Авторский знак Э 68
p Инвентарный номер 72854
901 Тип документа __
t Тип документа m
903 Характеристики (МАРС) __
a Дата передачи 19990723
969 Тип издания __
a Тип издания энциклопедия
990 Данные о заказе (DOS) 00
j Количество экземпляров (DOS) 2
t N записи в КСУ для И/У (DOS) 199901